Statistiques concernant Circonscriptions législatives de la région Occitanie sur une carte

Cliquez ici pour prendre le quiz!

Statistiques générales

  • Ce quiz a été pris 163 fois
  • Le résultat moyen est 39 sur 49

Réponses sur la Carte

Les réponses sont colorées sur une échelle allant du rouge au vert en fonction du pourcentage des utilisateurs qui les ont devinées à leur premier essai. Vous pouvez retrouver ces pourcentages ci-dessous.
 

Statistiques - réponses

NuméroCantons inclus dans la circonscription% Correct
1Blagnac, Toulouse IV, Toulouse V, Toulouse XIII, Toulouse XIV
98%
8Frontignan, Montpellier X, Pignan
98%
5Fronton, Grenade, Toulouse XIV, Villemur-sur-Tarn
98%
1Lattes, Montpellier V, Montpellier VI, Montpellier VIII, Villeneuve-lès-Maguelone
98%
2Montastruc-la-Conseillère, Toulouse VI, Toulouse VII, Toulouse XV, Montrabé
98%
9Portet-sur-Garonne, Toulouse IX, Toulouse X, Toulouse XI
98%
3Toulouse II, Toulouse VIII, Toulouse IX, Verfeil
98%
4Toulouse I, Toulouse III, Toulouse XII
98%
3Castelnau-le-Lez, Castries, Montpellier II, Boisseron, Saturargues, Saussines, Saint-Christol, Saint-Sériès, Vérargues, Villetelle, Campagne, Guarrigues
97%
9Lunel, Mauguio, Montpellier IV
97%
2Montpellier I, Montpellier III, Montpellier VII, Montpellier IX
97%
2Canet-en-Roussillon, La Côte-Radieuse, Latour-de-France, Perpignan I, Rivesaltes, Saint-Laurent-de-la-Salanque, Saint-Paul-de-Fenouillet, Sournia
96%
3Millas, Mont-Louis, Olette, Perpignan II, Perpignan VI, Perpignan VIII, Prades, Saillagouse, Saint-Estève, Vinça
96%
1Perpignan III, Perpignan IV, Perpignan V, Perpignan VII, Perpignan IX, Toulouges
96%
6Marguerittes, Nîmes II, Nîmes IV, Nîmes V, Uzès
95%
1Beaucaire, Nîmes I, Nîmes III, Nîmes VI, La Vistrenque
94%
3Alaigne, Alzonne, Axat, Belcaire, Belpech, Carcassonne II Sud, Castelnaudary Nord, Castelnaudary Sud, Chalabre, Couiza, Fanjeaux, Lagrasse, Limoux, Montréal, Mouthoumet, Quillan, Saint-Hilaire, Saissac, Salles-sur-l'Hers, Tuchan
93%
1Alban, Albi Centre, Albi Est, Albi Sud, Anglès, Brassac, Castres-Est, Castres Sud, Lacaune, Montredon-Labessonnié, Murat-sur-Vèbre, Réalmont, Rocquecourbe, Vabre, Valence-d'Albigeois, Villefranche-d'Albigeois
93%
2Albi Nord-Est, Albi Nord-Ouest, Albi Ouest, Cadalen, Carmaux Nord, Carmaux Sud, Castelnau-de-Montmiral, Cordes-sur-Ciel, Gaillac, Graulhet, Lisle-sur-Tarn, Monestiés, Pampelonne, Rabastens, Salvagnac, Valderiès, Vaour
93%
2Argelès-Gazost, Aucun, Bordères-sur-l'Echez, Castelnau-Rivière-Basse, Laloubère, Lourdes Est, Lourdes Ouest, Luz-Saint-Sauveur, Maubourguet, Ossun, Rabastens-de-Bigorre, Saint-Pé-de-Bigorre, Tarbes II, Tarbes V, Vic-en-Bigorre
92%
1Capendu, Carcassonne I, Carcassonne II Nord, Carcassonne III, Conques-sur-Orbiel, Durban-Corbières, Ginestas, Lézignan-Corbières, Mas-Cabardès, Peyriac-Minervois
92%
1Arreau, Aureilhan, Bagnères-de-Bigorre, La Barthe-de-Neste, Bordères-Louron, Campan, Castelnau-Magnoac, Galan, Lannemezan, Mauléon-Barousse, Pouyastruc, Saint-Laurent-de-Neste, Séméac, Tarbes I, Tarbes III, Tarbes IV, Tournay, Trie-sur-Baïse, Vieille-Aure
91%
2Aubin, Baraqueville-Sauveterre, Capdenac-Gare, Conques, Decazeville, Montbazens, Najac, Naucelle, Rieupeyroux, Rignac, La Salvetat-Peyralès, Villefranche-de-Rouergue, Villeneuve
89%
2Coursan, Narbonne Est, Narbonne Ouest, Narbonne Sud, Sigean
89%
1Ax-les-Thermes, La Bastide-de-Sérou, Les Cabannes, Castillon-en-Couserans, Foix-Rural, Foix-Ville, Lavelanet, Massat, Oust, Quérigut, Tarascon-sur-Ariège, Varilhes, Vicdessos
87%
6Béziers I, Béziers II, Béziers III, Béziers IV
87%
1Caussade, Caylus, Lafrançaise, Molières, Monclar-de-Quercy, Montauban I, Montauban II, Montauban III, Montauban IV, Montauban V, Montauban VI, Montpezat-de-Quercy, Nègrepelisse, Saint-Antonin-Noble-Val, Villebrumier
87%
1Aignan, Auch Nord-Est, Auch Nord-Ouest, Auch Sud-Est-Seissan, Auch Sud-Ouest, Lombez, Marciac, Masseube, Miélan, Mirande, Montesquiou, Nogaro, Plaisance, Riscle, Samatan, Saramon
84%
1Bozouls, Entraygues-sur-Truyère, Espalion, Estaing, Laguiole, Laissac, Marcillac-Vallon, Mur-de-Barrez, Rodez Est, Rodez Nord, Rodez Ouest, Saint-Amans-des-Cots, Saint-Chély-d'Aubrac, Sainte-Geneviève-sur-Argence, Saint-Geniez-d'Olt
81%
1Cahors Nord-Est, Cahors Nord-Ouest, Cahors Sud, Castelnau-Montratier, Catus, Cazals, Gourdon, Labastide-Murat, Lalbenque, Lauzès, Luzech, Montcuq, Payrac, Puy-l'Evêque, Saint-Germain-du-Bel-Air, Saint-Géry, Salviac
81%
1Peyre en Aubrac, La Canourgue, Bourgs sur Colagne, Le Collet-de-Dèze, Florac Trois Rivières, Grandrieu, Langogne, Marvejols, Mende I, Mende II, Saint-Alban-sur-Limagnole, Saint-Chély-d'Apcher, Saint-Étienne-du-Valdonnez
81%
3Belmont-sur-Rance, Camarès, Campagnac, Cassagnes-Bégonhès, Cornus, Millau Est, Millau Ouest, Nant, Peyreleau, Pont-de-Salars, Réquista, Saint-Affrique, Saint-Beauzély, Saint-Rome-de-Tarn, Saint-Sernin-sur-Rance, Salles-Curan, Sévérac-le-Château, Vézins-de-Lévézou
80%
3Castres Nord, Castres Ouest, Cuq-Toulza, Dourgne, Labruguière, Lautrec, Lavaur, Mazamet Nord-Est, Mazamet Sud-Ouest, Puylaurens, Saint-Amans-Soult, Saint-Paul-Cap-de-Joux, Vielmur-sur-Agout
80%
7Agde, Florensac, Pézenas, Servian, Sète I, Sète II
79%
5Alès Ouest, Alzon, Anduze, Bessèges, Génolhac, La Grand-Combe, Lasalle, Lédignan, Quissac, Saint-André-de-Valborgne, Saint-Hippolyte-du-Fort, Saint-Jean-du-Gard, Saint-Mamert-du-Gard, Sauve, Sumène, Trèves, Valleraugue, Le Vigan
78%
4Alès Nord-Est, Alès Sud-Est, Barjac, Lussan, Pont-Saint-Esprit, Saint-Ambroix, Saint-Chaptes, Vézénobres
76%
4Argelès-sur-Mer, Arles-sur-Tech, Céret, Côte-Vermeille, Elne, Prats-de-Mollo-la-Preste, Thuir
70%
2Le Fossat, Le Mas-d'Azil, Mirepoix, Pamiers Est, Pamiers Ouest, Sainte-Croix-Volvestre, Saint-Girons, Saint-Lizier, Saverdun
68%
7Auterive, Carbonne, Cintegabelle, Muret, Montesquieu-Volvestre, Rieux, Tournefeuille
66%
8Aspet, Aurignac, Bagnères-de-Luchon, Barbazan, Boulogne-sur-Gesse, Cazères, Le Fousseret, L'Isle-en-Dodon, Montréjeau, Rieumes, Saint-Béat, Saint-Gaudens, Saint-Martory, Salies-du-Salat
64%
4Aniane, Le Caylar, Claret, Ganges, Gignac, Lodève, Les Matelles, Mèze, Saint-Martin-de-Londres
59%
2Cazaubon, Cologne, Condom, Eauze, Fleurance, Gimont, L'Isle-Jourdain, Jegun, Lectoure, Mauvezin, Miradoux, Montréal, Saint-Clar, Valence-sur-Baïse, Vic-Fézensac
56%
2Auvillar, Beaumont-de-Lomagne, Bourg-de-Visa, Castelsarrasin I, Castelsarrasin II, Grisolles, Lauzerte, Lavit, Moissac I, Moissac II, Montech, Montaigu-de-Quercy, Saint-Nicolas-de-la-Grave, Valence, Verdun-sur-Garonne
51%
2Bretenoux, Cajarc, Figeac Est, Figeac Ouest, Gramat, Lacapelle-Marival, Latronquière, Limogne-en-Quercy, Livernon, Martel, Saint-Céré, Souillac, Sousceyrac, Vayrac
49%
10Caraman, Castanet-Tolosan, Lanta, Montgiscard, Nailloux, Revel, Villefranche-de-Lauragais
46%
3Aramon, Bagnols-sur-Cèze, Remoulins, Roquemaure, Villeneuve-lès-Avignon
45%
6Cadours, Léguevin, Saint-Lys, Colomiers, Tournefeuille
41%
2Aigues-Mortes, Rhôny-Vidourle, Saint-Gilles, Sommières, Vauvert
38%
5Bédarieux, Capestang, Clermont-l'Hérault, Lunas, Montagnac, Murviel-lès-Béziers, Olargues, Olonzac, Roujan, Saint-Chinian, Saint-Gervais-sur-Mare, Saint-Pons-de-Thomières, La Salvetat-sur-Agout
33%

Distribution des résultats

Percentile par nombre de réponses

% des personnes avec chaque résultat

Votre développement - résultats

Vous n’avez pas pris ce quiz